L' Université Catholique Africaine: reflexions et engagements. Cameroun, Cote d'Ivoire, Ouganda, République Démocratique du Congo

Uloženo v:
Podrobná bibliografie
Korporativní autor: Fédération Internationale des Universités Catholiques (Autor)
Médium: Kniha
Jazyk:francouzština
Vydáno: París Centre de Coordination de la Recherche 2003
Témata:
Tagy: Přidat tag
Žádné tagy, Buďte první, kdo vytvoří štítek k tomuto záznamu!

MARC

LEADER 00000cam a2200000 a 4500
001 UCG9431
003 CL-VaPUC
008 120316e20030000FR |||||||||||||||||fre|d
020 |a 2911048342 
082 0 4 |a 378.6  |b FED  |2 21 
110 2 |a Fédération Internationale des Universités Catholiques  |e author  |9 561022 
245 1 3 |a L' Université Catholique Africaine: reflexions et engagements. Cameroun, Cote d'Ivoire, Ouganda, République Démocratique du Congo 
300 |a 332 p 
942 |c BK 
945 |d 20120316 00:00:00  |a dcastane 
260 |a París  |b Centre de Coordination de la Recherche  |c 2003 
650 0 |a Universidades  |9 256317 
650 0 |a Educación superior   |9 223851 
650 7 |a UNIVERSIDADES AFRICANAS  |2 CL-VaPUC  |9 561023 
650 0 |a Universidades católicas   |9 309230 
583 |a last modification  |c 20120316 11:38:00  |k Rodrigo Vera 
999 |c 346986  |d 346984 
952 |0 0  |1 0  |4 0  |6 378_600000000000000_FED_2003  |7 0  |8 ED_SUP  |9 448040  |a BIBGIM  |b BIBGIM  |c S_PSTGRDO  |d 2019-11-22  |i 4835395  |o 378.6 FED 2003  |p 4835395  |r 2025-01-15  |w 2019-11-22  |y BK  |k ESU